|
|
|
|
| LEADER |
01012nam a2200241 a 4500 |
| 001 |
754051 |
| 008 |
090713r19911966enkach b 001 0 eng d |
| 010 |
|
|
|a \\\66078475
|
| 020 |
|
|
|a 0140136134
|
| 040 |
|
|
|a DLC
|c DLC
|d DLC
|
| 082 |
0 |
0 |
|a 822.33
|2 17
|
| 100 |
1 |
|
|a Harrison, G. B.
|q (George Bagshawe),
|d 1894-1991.
|
| 245 |
1 |
0 |
|a Introducing Shakespeare /
|c by G.B. Harrison.
|
| 250 |
|
|
|a 3rd ed.
|
| 260 |
|
|
|a Harmondsworth :
|b Penguin,
|c 1966 [reprinted 1991]
|
| 300 |
|
|
|a 232 p.
|b front., illus. (incl. ports.) facsims., diagrs.
|c 19 cm.
|
| 504 |
|
|
|a Includes bibliographical references (p. [220]-224) and index.
|
| 541 |
1 |
|
|e 00009294
|
| 600 |
1 |
0 |
|a Shakespeare, William,
|d 1564-1616.
|
| 650 |
|
0 |
|a Dramatists, English
|y Early modern, 1500-1700
|x Biography.
|
| 852 |
4 |
|
|a Ayesha Abed Library
|j General shelf
|
| 999 |
|
|
|c 2361
|d 2361
|
| 952 |
|
|
|0 0
|1 4
|2 ddc
|4 0
|6 822_330000000000000_HAR
|7 0
|9 2183
|a BRACUL
|b BRACUL
|c GEN
|d 2009-07-13
|g 0.00
|l 0
|o 822.33 HAR
|p 3010009294
|r 2009-07-13
|t 1
|w 2009-07-13
|y BK
|x No price found in the accession register.
|